000
00312nam a22001337a 4500
008
170525b xxu||||| |||| 00| 0 eng d
020
_a
9780321154200
041
_a
eng
080
_a
62
100
_a
26
101
_a
IM
245
_a
A HANDBOOK OF SOFTWARE AND SYSTEMS ENGINEERING
_c
ENDRES,A
942
_2
udc
_c
BK
999
_c
14301
_d
14301